| 000 | 00425nam a2200157 i 4500 | ||
|---|---|---|---|
| 001 | 52435 | ||
| 003 | ES-MaACL | ||
| 005 | 20230906162600.0 | ||
| 007 | t| | ||
| 008 | 030829q1922 fr ||||1| fre d | ||
| 100 | 1 |
_aDauzat, Albert. _942848 |
|
| 245 | 1 | 3 |
_aLa geógraphie linguistique / _cAlbert Dauzat. |
| 260 |
_aParis : _b[s.n., _c1922] ( _eLagny : _fE. Grevin) |
||
| 300 |
_a200 p. ; _c19 cm. |
||
| 852 |
_aES-MaACL _jB-2752 |
||
| 999 |
_c52435 _d52435 |
||